000 00413nam a2200157Ia 4500
003 GCL
008 140319s9999 xx 000 0 ara d
040 _aGCL /
_cGCL
082 0 4 _aد
_b050
100 1 _aسحر خليفة
245 1 0 _aلم نعد جوارى لكم (اقرا 378) /
_cسحر خليفة
300 _a264
490 _aاقرأ
_v0
650 0 4 _aالقصص الفلسطينية
942 _2ddc
_cBK
999 _c49586
_d49586